000 01995aam a2200337 i 4500
001 18881
003 CO-MdFUSB
005 20250430130151.0
008 180511t20052009xxu||||| |||| 00| 0 spa d
020 _a978082541198
_q4
040 _aCO-MdFUSB
_bspa
_cCO-MdFUSB
_dCO-MdFUSBC
_erda
041 0 _aspa
_heng
082 _223
_a239.7
_bC187
100 1 _aCampbell, Charlie H.
_eautor
240 _aOne minute aswer to Skeptics top forty questions
245 0 0 _aRespuestas a preguntas que hacen los escépticos
_c/ Charlie H. Campbell ; traducido por Luis Diego Marín
264 1 _aMichigan :
_bPortavoz,
_c[2009]
264 4 _c©2009
300 _a107 páginas
_c; 22 cm.
336 _2rdacontent
_atexto
_btxt
337 _2rdamedia
_asin mediación
_bn
338 _2rdacarrier
_avolumen
_bnc
505 0 _aIntroducción -- ¿Qué evidencia tiene usted de que existe Dios? -- ¿Qué evidencia tiene usted de que la Biblia es realmente cierta? -- No se ha cambiado la Biblia al traducirse cientos de veces a lo largo de los siglos? -- ¿Qué hay de los que nunca han oído de Jesús? ¿Sufrirán la condenación del infierno? -- ¿Si Dios es tan amoroso, por qué permite el mal y el sufrimiento? -- ¿Cómo podemos saber si Jesús siquiera existió? -- ¿Cómo puede usted decir que Jesús es el único camino al cielo? -- no fue la deidad de Cristo un invento de la iglesia durante el siglo IV en el concilio de Nicea -- ¿Cómo puede un Dios de amor mandar a alguien al infierno? -- ¿No es cierto que la Biblia contiene un gran número de contradicciones? -- ¿No contiene la Biblia errores científicos? -- ¿Cómo saber que Jesús se levantó de los muertos? -- ¿por qué no se mencionan los dinosaurios en la Biblia?
534 _cOne minute aswer to Skeptics top forty questions.
_pTítulo original en inglés :
563 _aRústico.
650 7 _9187
_aApologética
650 7 _9532
_aFe y razón
653 _aEscepticsmo
942 _cBK
945 _aJTF-925
999 _c45281
_d45281